000 01219cam a2200313 i 4500
001 18507226
003 NUST - PNEC
005 20170116181203.0
008 150226s2015 mau b 000 0 eng
010 _a 2014018800
020 _a9780262527132 (pbk. : alk. paper)
040 _aDLC
_beng
_cLIBRARY
_erda
_dDLC
041 1 _aeng
_hita
042 _apcc
050 0 0 _aLB2369
_b.E2813 2015
082 0 0 _a378.242 ECO
_223
100 1 _aEco, Umberto.
240 1 0 _aCome si fa una tesi di laurea.
_lEnglish.
245 1 0 _aHow to write a thesis /
_cUmberto Eco ; translated by Caterina Mongiat Farina and Geoff Farina ; foreword by Francesco Erspamer.
300 _axxvi, 229 pages ;
_c21 cm
504 _aIncludes bibliographical references.
650 0 _aDissertations, Academic.
_xGeneral
700 1 _aMongiat Farina, Caterina,
_etranslator.
700 1 _aFarina, Geoff,
_etranslator.
856 _uhttp://www.amazon.com/How-Write-Thesis-Umberto-Eco/dp/0262527138/ref=sr_1_1?s=books&ie=UTF8&qid=1455783616&sr=1-1&keywords=9780262527132
906 _a7
_bcbc
_corignew
_d1
_eecip
_f20
_gy-gencatlg
942 _2ddc
_cBK
999 _c71523
_d71523